000 00903cam a22002055a 4500
001 L155500
008 120327s1813 xxk f 000 0 eng d
035 _a(Sirsi) u155500
041 0 _aeng
100 1 _aBoys, John
_d1749-1824
245 0 0 _aGeneral view of the agriculture of the county of Kent
_bwith observations on the means of its improvement drawn up for the consideration of the Board of Agriculture and Internal Improvement, from the original report transmitted to the Board ... to which is added, a treatise on paring and burning
250 _a2nd ed., with amendments and additions
260 _aLondon
_bPrinted for Sherwood, Neely, and Jones
_c1813
300 _axiii, 293 p., [2] leaves of plates
_bill.,, map
_c23 cm
583 _aCondition reviewed
_c20120620
_lcondition level 1
651 4 _aEngland
_y886-
690 _aRural
_96268
710 1 _aBoard of Agriculture
942 _n0
999 _c113612
_d113612